000
00512nam a2200133Ia 4500
008
100328s9999 xx 000 0 und d
082
_b
12345
100
_a
माडखोलकर ग.त्र्यं.
245
_a
विष्णू कृष्ण चिपळूणकर
260
_b
महेश्वर मुद्रणालय
630
_a
विष्णू कृष्ण चिपळूणकर
730
_a
विष्णू कृष्ण चिपळूणकर
942
_c
BOOK
999
_c
507603
_d
507600